Statistics for Click the Proverbial Ending

Click here to take the quiz!

General Stats

  • This quiz has been taken 2,639 times
  • The average score is 19 of 20

Answer Stats

HintAnswer% Correct
Better late thannever
98%
A picture is worth a thousandwords
98%
Keep your friends close and your enemiescloser
97%
You can’t judge a book by itscover
97%
All good things must come to anend
97%
Easy come, easygo
97%
If it ain't broke, don't fixit
97%
Practice makesperfect
97%
People in glass houses shouldn't throwstones
97%
Two wrongs don’t make aright
96%
Good things come to those whowait
96%
Don’t count your chickens before theyhatch
95%
The pen is mightier than thesword
95%
Honesty is the bestpolicy
94%
A chain is only as strong as its weakestlink
93%
Birds of a feather flocktogether
92%
Fortune favors thebold
89%
Absence makes the heart growfonder
89%
A bird in the hand is worth two in thebush
87%
Look before youleap
84%

Score Distribution

Percentile by Number Answered

Percent of People with Each Score

Your Score History

You have not taken this quiz